Negotiation
Αποθηκεύτηκε σε:
| Κύριος συγγραφέας: | |
|---|---|
| Μορφή: | Βιβλίο |
| Γλώσσα: | English |
| Δημοσίευση: |
Irwin,
|
| Έκδοση: | 2nd ed. |
| Θέματα: | |
| Ετικέτες: |
Προσθήκη ετικέτας
Δεν υπάρχουν, Καταχωρήστε ετικέτα πρώτοι!
|
MARC
| LEADER | 00000nam a2200000 i 4500 | ||
|---|---|---|---|
| 001 | 1/40324 | ||
| 008 | 960201s1994 eng d | ||
| 020 | |a 0-256-10163-9 | ||
| 035 | |l 10025207 | ||
| 040 | |a GR-MY-UA |b gre |e aacr | ||
| 041 | 0 | |a eng | |
| 082 | 0 | |a 658.4 | |
| 100 | 1 | |a Lewicki, Roy J. | |
| 245 | 1 | 0 | |a Negotiation / |c Roy J.Lewicki... [et al.] |
| 250 | |a 2nd ed. | ||
| 260 | |b Irwin, | ||
| 300 | |a 478 p. | ||
| 500 | |a Includes bibliographical references and index | ||
| 650 | 0 | 0 | |a Negotiation in business. |
| 852 | |a INST |b CHIOS |e 19960201 |h 658.4 NEG |p 005200001661 |q 005200001661 |t BK |y 4 |x 20131031 | ||
| 909 | |a Χ |b 040239 | ||